000 00875cam a22001814a 4500
005 20250605163721.0
008 250528s ||||||||||||||||||||||||d
035 _a24920
020 _a9781422189894
040 _aGR-AtMCL
_bgre
_dGR-AtMCL
_eAACR2
245 1 _aOn Making Smart Decisions / If You Read Nothing Else on Decision Making and Read These Definitive Articles from Harvard Business Review
260 _bHarvard Business Review Press,
_c2013
300 _a184
520 _aThe Hidden Traps in Decision Making, Before You Make That Big Decision, How to Avoid Catastrophe, Conquering a Culture of Indecision, What You Don't Know About Making Decisions, Who Has the D, How (Un)ethical Are You, Make Better Decisions, Why Good Leaders Make Bad Decisions, Stop Making Plans; Start Making Decisions, Index.
942 _cBK
999 _c9751
_d9751